000 01009nam a2200289Ia 4500
003 OSt
005 20220211113112.0
008 210716s2016 xx 000 0 und d
020 _a9789351342960
040 _cAIMIT LIBRARY
041 _aeng
082 _a651.7
_213
_bLESR
100 _aLesikar, Raymond V.
_919253
245 _aBusiness communication :
_bconnecting in a digital world /
_cBy Raymond V. Lesikar...[et al.]
250 _a13th ed.
_bSpecial Indian Edition
260 _aNew Delhi :
_bTata McGraw Hill Education Private Limited ,
_c2016.
300 _axxxvii, 772p. ;
_c24 cm.
650 _aBusiness Communication
_919254
650 _aFundamentals of Business Writing
_919255
650 _aBasic Patterns of Business Messages
_919256
650 _aOral Forms of Business Communication
_919257
700 _aFlatley, Marie E.
_919258
700 _aRentz, Kathryn.
_919259
700 _aLentz, Paula.
_919260
700 _aPande, Neerja.
_919261
942 _2ddc
_cBK
_e13th
_k651.7 LESR
999 _c211090
_d211090